| 000 | 00535nam a22002057a 4500 | ||
|---|---|---|---|
| 003 | OSt | ||
| 005 | 20140310182240.0 | ||
| 008 | 121115t xxu||||| |||| 00| 0 eng d | ||
| 020 | _a9780006514787 | ||
| 050 |
_aPR 6061 _b.K29 2003 |
||
| 082 |
_aFIC _bK29j 2002 |
||
| 100 |
_aKelly, Cathy _919044 |
||
| 245 |
_aJust between us / _cCathy Kelly. |
||
| 260 |
_aLondon : _bHarperCollins, _cc2002. |
||
| 300 |
_a634 p. : _c18 cm. |
||
| 541 | _j1 | ||
| 562 | _e1 | ||
| 650 |
_aSisters _xFiction. _919048 |
||
| 942 |
_2lcc _cBK-FIC |
||
| 999 |
_c11128 _d11128 |
||